000 00532nam a2200181 i 4500
001 73143
003 ES-MaACL
005 20230906171701.0
007 t|
008 040907m19061907sp ||||1| spa d
100 1 _aGómez Pamo, J. R. (
_d1846-1913)
_958098
245 1 0 _aTratado de materia farmacéutica vegetal /
_cJuan R. Gómez Pamo.
250 _a2ª ed.
260 _aMadrid :
_b[s.n.,
_c1906-1907] (
_fNicolás Moya)
300 _a2 v. ;
_c24 cm.
852 _aES-MaACL
_jD-3405-06
852 _aES-MaACL
_jB-13660
_z.- Vol. 2
999 _c73143
_d73143